Dôveryhodnosť internetových obchodov

V súčasnosti veľkým problémom internetových obchodov je hlavne miera do akej sú dôveryhodné pre zákazníka a aké skúsenosti majú zákazníci, ktorý už cez daný obchod nakupovali. Ako by mali internetové obchody postupovať, aby boli pre zákazníkov dostatočne dôveryhodné.

Guardado en:
Detalles Bibliográficos
Autor principal: Hasan, Jamal
Formato: Capítulo de libro
Lenguaje:eslovaco
Materias:
Etiquetas: Agregar Etiqueta
Sin Etiquetas, Sea el primero en etiquetar este registro!

MARC

LEADER 00000nla a2200000 4500
001 0212867
005 20240502073537.0
041 0 |a slo 
044 |a SK 
245 1 0 |a Dôveryhodnosť internetových obchodov  |c Jamal Hasan 
520 |a V súčasnosti veľkým problémom internetových obchodov je hlavne miera do akej sú dôveryhodné pre zákazníka a aké skúsenosti majú zákazníci, ktorý už cez daný obchod nakupovali. Ako by mali internetové obchody postupovať, aby boli pre zákazníkov dostatočne dôveryhodné. 
610 2 0 |a obchod elektronický 
610 2 0 |a internet 
610 2 0 |a zákazníci 
610 2 0 |a spotrebitelia 
610 2 0 |a ochrana údajov osobných 
610 2 0 |a bezpečnosť elektronická 
610 2 0 |a bezpečnosť informačná 
610 2 0 |a podmienky dodacie 
100 1 |a Hasan, Jamal